| 000 | 01383nam a2200385Ii 4500 | ||
|---|---|---|---|
| 001 | DIGPLZAPA0003 | ||
| 003 | NyNyDIG | ||
| 006 | m o d | ||
| 008 | 200302s2015 sp o 000 f spa d | ||
| 007 | cr ||||||||||| | ||
| 020 | _z9788416288243 | ||
| 020 | _z8416288240 | ||
| 035 | _a(OCoLC)1147821872 | ||
| 040 |
_aDGITA _beng _erda _epn _cDGITA |
||
| 050 | 1 | 4 | _aPQ6718.O384 ebook |
| 082 | 0 | 4 |
_a863.7 _aFic |
| 100 | 1 |
_aRodríguez, Ricardo, _d1968- _eauthor. |
|
| 245 | 1 | 3 |
_aEl secreto de Sócrates / _cRicardo Rodríguez. |
| 264 | 1 |
_a[Vilassar de Dalt, Barcelona] : _bPiel de Zapa, _c[2015] |
|
| 300 | _a1 online resource. | ||
| 336 |
_atext _btxt _2rdacontent |
||
| 337 |
_acomputer _bc _2rdamedia |
||
| 338 |
_aonline resource _bcr _2rdacarrier |
||
| 347 |
_atext file _2rdaft |
||
| 347 | _bPDF | ||
| 588 | 0 | _aOnline resource; title from PDF title page (Digitalia, viewed March 2, 2020) | |
| 655 | 7 |
_aNovels. _2lcgft |
|
| 655 | 0 | _aElectronic books. | |
| 776 | 0 | 8 |
_iPrint version: _aRodríguez, Ricardo, 1968- _tSecreto de Sócrates. _d[Vilassar de Dalt, Barcelona] : Piel de Zapa, 2015 _z9788416288243 _w(OCoLC)904249648 |
| 791 | 2 |
_aDigitalia (Firm), _edistributor. |
|
| 793 | 0 |
_gDigitalia eBook Collection: _aPiel de Zapa |
|
| 856 | 4 | 0 |
_3Digitalia Hispánica _uhttps://www.digitaliapublishing.com/a/60045/ |
| 910 | _aPremium Collection: 2020 | ||
| 942 | _cRAA | ||
| 999 |
_c256727 _d256727 |
||